1344 1806 1163 1183 1176 1898 1414 1503 1517 1953 1951 1285 1295 1715 1668 1105 1993 1966 1500 1806 1582 1158 1682 1281 1761 1869 1260 1507 1688 1961 1588 1366 1977 1736 1481 1153 1243 1060 1974 1123 1577 1445 1146 1391 1174 1189 1418 1342 1888 1872 1619 1433 1337 1788 1836 1044 1904 1249 1442 1884 1993 1378 1629 1806 1799 1886 1703 1279 1813 1350 1979 1061 1884 1933 1951 1943 1889 1354 1041 1033 1838 1257 1238 1580 1604 1700 1324 1464 1071 1535 1212 1965 1799 1619 1478 1679 1572 1857 1472 BCNSPRNW ULIB Ver.6.0+V

เปลี่ยนเป็นภาษาไทย

Change to English
 แสดงรายละเอียดบรรณานุกรม
  กลับหน้าหลัก

Brief Record : Get Marc (ISO 2709) : E-mail record : QR code < ปิดหน้าต่าง
LEADER : 00000nam 2200000uu 4500
001    13399125807
003     ULIB
008    170915s2559||||th 000 0 tha d
020    ^a9786164402539
060 04 ^aW15^bณ121ห
100 0  ^aณตพล ศุภณัฐเศรษฐกุล
245 10 ^aหลักพื้นฐานคำศัพท์เฉพาะทางด้านการแพทย์ =^bBasic Principle ofmedical terminology /^cณตพล ศุภณัฐเศรษฐกุล
246 31 ^aBasic principle of medical terminology
250    ^aพิมพ์ครั้งที่ 2
260    ^aพิษณุโลก :^bสำนักพิมพ์มหาวิทยาลัยนเรศวร,^c2559
300    ^a263 หน้า :^bภาพประกอบ ;^c27 ซม.
650  0 ^aEnglish language^xMedical English
650  0 ^aMedicine^xLanguage
650  2 ^aDictionaries, Medical
650  7 ^aแพทย์^xคำศัพท์
710 2  ^aมหาวิทยาลัยนเรศวร.^bคณะแพทยศาสตร์.^bภาควิชาพยาธิวิทยา
710 2  ^aหน่วยสนับสนุนการเรียนรู้ภาษาต่างประเทศทางการแพทย์
945    ^p320^l0^i25508
945    ^p320^l0^i25509
945    ^p320^l0^i25510
945    ^p320^l0^i25511
945    ^p320^l0^i25512
945    ^p320^l0^i25513
945    ^p320^l0^i25514
945    ^p320^l0^i25515
945    ^p320^l0^i25516
945    ^p320^l0^i25517
945    ^p320^l0^i25518
945    ^p320^l0^i25519
945    ^p320^l0^i25520
945    ^p320^l0^i25521
945    ^p320^l0^i25522
999    ^aกัณชพร จุลอักษร
รายการนี้ยังไม่มีแท็ก
คุณยังไม่ได้ล็อกอิน คุณสามารถมีกิจกรรมร่วมกับเว็บไซต์ได้ แต่ต้องล็อกอินก่อน ::
  ล็อกอิน

รายการสื่อสารสนเทศ

ลำดับที่ ประเภท เลขเรียก/บาร์โค้ด สถานที่ สถานะ
1. หนังสือสำรอง
หนังสือสำรอง
สถานะ=หนังสือเก่า
W15 ณ121ห ฉ.1 
  Barcode: 25508
ห้องสมุดวิทยาเขตนครสวรรค์
►ส่วนจัดเก็บหนังสือเก่า นว.
บนชั้น
  ขอยืม
2. วิทยาศาสตร์การแพทย์ และสุขภาพ
วิทยาศาสตร์การแพทย์ และสุขภาพ
สถานะ=หนังสือเก่า
W15 ณ121ห ฉ.10 
  Barcode: 25517
ห้องสมุดวิทยาเขตนครสวรรค์
►ส่วนจัดเก็บหนังสือเก่า นว.
บนชั้น
  ขอยืม
3. วิทยาศาสตร์การแพทย์ และสุขภาพ
วิทยาศาสตร์การแพทย์ และสุขภาพ
สถานะ=หนังสือเก่า
W15 ณ121ห ฉ.11 
  Barcode: 25518
ห้องสมุดวิทยาเขตนครสวรรค์
►ส่วนจัดเก็บหนังสือเก่า นว.
บนชั้น
  ขอยืม
4. วิทยาศาสตร์การแพทย์ และสุขภาพ
วิทยาศาสตร์การแพทย์ และสุขภาพ
สถานะ=หนังสือเก่า
W15 ณ121ห ฉ.12 
  Barcode: 25519
ห้องสมุดวิทยาเขตนครสวรรค์
►ส่วนจัดเก็บหนังสือเก่า นว.
บนชั้น
  ขอยืม
5. วิทยาศาสตร์การแพทย์ และสุขภาพ
วิทยาศาสตร์การแพทย์ และสุขภาพ
สถานะ=หนังสือเก่า
W15 ณ121ห ฉ.13 
  Barcode: 25520
ห้องสมุดวิทยาเขตนครสวรรค์
►ส่วนจัดเก็บหนังสือเก่า นว.
ถูกยืม กำหนดส่งวันที่ 6 กรกฎาคม 2569
  จอง
6. วิทยาศาสตร์การแพทย์ และสุขภาพ
วิทยาศาสตร์การแพทย์ และสุขภาพ
สถานะ=หนังสือเก่า
W15 ณ121ห ฉ.14 
  Barcode: 25521
ห้องสมุดวิทยาเขตนครสวรรค์
►ส่วนจัดเก็บหนังสือเก่า นว.
บนชั้น
  ขอยืม
7. วิทยาศาสตร์การแพทย์ และสุขภาพ
วิทยาศาสตร์การแพทย์ และสุขภาพ
สถานะ=หนังสือเก่า
W15 ณ121ห ฉ.15 
  Barcode: 25522
ห้องสมุดวิทยาเขตนครสวรรค์
►ส่วนจัดเก็บหนังสือเก่า นว.
บนชั้น
  ขอยืม
8. วิทยาศาสตร์การแพทย์ และสุขภาพ
วิทยาศาสตร์การแพทย์ และสุขภาพ
สถานะ=หนังสือเก่า
W15 ณ121ห ฉ.2 
  Barcode: 25509
ห้องสมุดวิทยาเขตนครสวรรค์
►ส่วนจัดเก็บหนังสือเก่า นว.
บนชั้น
  ขอยืม
9. วิทยาศาสตร์การแพทย์ และสุขภาพ
วิทยาศาสตร์การแพทย์ และสุขภาพ
สถานะ=หนังสือเก่า
W15 ณ121ห ฉ.3 
  Barcode: 25510
ห้องสมุดวิทยาเขตนครสวรรค์
►ส่วนจัดเก็บหนังสือเก่า นว.
บนชั้น
  ขอยืม
10. วิทยาศาสตร์การแพทย์ และสุขภาพ
วิทยาศาสตร์การแพทย์ และสุขภาพ
สถานะ=หนังสือเก่า
W15 ณ121ห ฉ.4 
  Barcode: 25511
ห้องสมุดวิทยาเขตนครสวรรค์
►ส่วนจัดเก็บหนังสือเก่า นว.
บนชั้น
  ขอยืม
11. วิทยาศาสตร์การแพทย์ และสุขภาพ
วิทยาศาสตร์การแพทย์ และสุขภาพ
สถานะ=หนังสือเก่า
W15 ณ121ห ฉ.5 
  Barcode: 25512
ห้องสมุดวิทยาเขตนครสวรรค์
►ส่วนจัดเก็บหนังสือเก่า นว.
บนชั้น
  ขอยืม
12. วิทยาศาสตร์การแพทย์ และสุขภาพ
วิทยาศาสตร์การแพทย์ และสุขภาพ
สถานะ=หนังสือเก่า
W15 ณ121ห ฉ.6 
  Barcode: 25513
ห้องสมุดวิทยาเขตนครสวรรค์
►ส่วนจัดเก็บหนังสือเก่า นว.
บนชั้น
  ขอยืม
13. วิทยาศาสตร์การแพทย์ และสุขภาพ
วิทยาศาสตร์การแพทย์ และสุขภาพ
สถานะ=หนังสือเก่า
W15 ณ121ห ฉ.7 
  Barcode: 25514
ห้องสมุดวิทยาเขตนครสวรรค์
►ส่วนจัดเก็บหนังสือเก่า นว.
บนชั้น
  ขอยืม
14. วิทยาศาสตร์การแพทย์ และสุขภาพ
วิทยาศาสตร์การแพทย์ และสุขภาพ
สถานะ=หนังสือเก่า
W15 ณ121ห ฉ.8 
  Barcode: 25515
ห้องสมุดวิทยาเขตนครสวรรค์
►ส่วนจัดเก็บหนังสือเก่า นว.
บนชั้น
  ขอยืม
15. วิทยาศาสตร์การแพทย์ และสุขภาพ
วิทยาศาสตร์การแพทย์ และสุขภาพ
สถานะ=หนังสือเก่า
W15 ณ121ห ฉ.9 
  Barcode: 25516
ห้องสมุดวิทยาเขตนครสวรรค์
►ส่วนจัดเก็บหนังสือเก่า นว.
บนชั้น
  ขอยืม

รายการใกล้เคียง
    ผู้แต่ง [ณตพล ศุภณัฐเศรษฐกุล]

    หัวเรื่อง [Dictionaries, Medical]

BibComment


ยังไม่เคยถูกคอมเมนท์

คอมเมนท์ทรัพยากรรายการนี้
  คอมเมนท์: หลักพื้นฐานคำศัพ..


 Copyright 2026. Bcnsprnw @Library